000 00713nam a2200265Ia 4500
003 OSt
005 20221006144505.0
006 a|||||r|||| 00| 0
007 ta
008 221006b |||||||| |||| 00| 0 eng d
020 _c
_2.65
024 _a11,782
037 _cTextual
040 _aEASL
_cEASL
_beng
041 _2eng
_aeng
082 _aV1(W691):19.6.N5, K3
100 _aBRZAZINSKI Zbigninew Ed.
_9652114
245 0 _aAfrica and the communist world
260 _aStandford
_bStandford University
_c1963
300 _a272p.
_ccm.
490 _v Gen
650 _aGen
942 _hV1(W691):19.6.N5, K3
_cTEXL
_2CC
999 _c1079868
_d1079868